[Event "Foment Martinenc op-C 18th"]
[Site "Barcelona"]
[Date "2016.06.11"]
[Round "8"]
[White "Staromiejski Llorente, Albert"]
[Black "Roca Planas, Edgar"]
[Result "1-0"]
[WhiteElo "1700"]
[BlackElo "1779"]
[PlyCount "107"]
[EventDate "2016.04.23"]
[EventType "swiss"]
[EventRounds "9"]
[EventCountry "ESP"]
[SourceTitle "EXT 2017"]
[Source "ChessBase"]
[SourceDate "2016.10.25"]
[SourceVersion "1"]
[SourceVersionDate "2016.10.25"]
[SourceQuality "1"]

1. e4 c5 2. Nf3 d6 3. d4 cxd4 4. Nxd4 Nf6 5. Nc3 g6 6. f3 Bg7 7. Be3 0-0 8. Qd2 Nc6 9. 0-0-0 Bd7 10. g4 Ne5 11. h4 e6 12. h5 Qe7 13. hxg6 fxg6 14. Bg5 Nf7 15. Ndb5 Bxb5 16. Nxb5 Nxg5 17. Qxg5 Rfd8 18. Bc4 Rac8 19. Bb3 a6 20. Nd4 d5 21. e5 Rf8 22. Qh4 Rc7 23. exf6 Bxf6 24. Qf2 Qc5 25. Qh2 Re8 26. Nxe6 Rxe6 27. Bxd5 Qe3+ 28. Kb1 Rf7 29. Qb8+ Rf8 30. Bxe6+ Qxe6 31. Qxb7 Rf7 32. Qe4 Qb6 33. c3 Bxc3 34. Qc2 Rxf3 35. Qb3+ Qxb3 36. axb3 Bf6 37. Rhf1 Rxf1 38. Rxf1 Kg7 39. Ka2 h5 40. gxh5 gxh5 41. b4 Be7 42. Rf4 h4 43. Ka3 a5 44. Rxh4 axb4+ 45. Rxb4 Kf7 46. Ka4 Bxb4 47. Kxb4 Ke7 48. Kb5 Kd7 49. Kb6 Kc8 50. Ka7 Kc7 51. b4 Kc6 52. Ka6 Kc7 53. b5 Kb8 54. Kb6 1-0

[Event "Foment Martinenc op-C 18th"]
[Site "Barcelona"]
[Date "2016.06.04"]
[Round "7"]
[White "Roa Ribera, Alvaro"]
[Black "Staromiejski Llorente, Albert"]
[Result "0-1"]
[WhiteElo "1823"]
[BlackElo "1700"]
[PlyCount "48"]
[EventDate "2016.04.23"]
[EventType "swiss"]
[EventRounds "9"]
[EventCountry "ESP"]
[SourceTitle "EXT 2017"]
[Source "ChessBase"]
[SourceDate "2016.10.25"]
[SourceVersion "1"]
[SourceVersionDate "2016.10.25"]
[SourceQuality "1"]

1. e4 e5 2. Nf3 Nc6 3. Bb5 a6 4. Ba4 Nf6 5. 0-0 d6 6. d3 Be7 7. Nbd2 0-0 8. Re1 b5 9. Bb3 Bg4 10. c3 Nh5 11. Bd5 Qd7 12. Bxc6 Qxc6 13. Nxe5 dxe5 14. Qxg4 Nf4 15. Qg3 f5 16. d4 Rf6 17. exf5 Rxf5 18. Rxe5 Rxe5 19. dxe5 Ne2+ 20. Kf1 Nxg3+ 21. hxg3 Rd8 22. Nf3 Qc4+ 23. Kg1 Rd1+ 24. Kh2 Qf1 0-1